| 000 | 00891cab a22002055a 4500 | ||
|---|---|---|---|
| 001 | L149043 | ||
| 008 | 091216e20091121xxka f g 000 0 eng d | ||
| 035 | _a(Sirsi) u149043 | ||
| 041 | 0 | _aeng | |
| 100 | 1 | _aStarr, John | |
| 245 | 0 | 0 | _aTighter regulations |
| 260 | _c2009 | ||
| 490 |
_aEstates Gazette _v(0946) 21 November 2009, 136-137(2) |
||
| 520 | _aReviews the changes that the recently published "Future of building control: an implementation plan" is introducing to allow the design and construction of more energy-efficient buildings. This plan brings changes to Part L, F and J of the Building Regulations 2000 in 2010, then Part H, A and C in 2013 and finally Part B and D in 2016. Article focuses on Parts L, F and J. | ||
| 590 | _aKA | ||
| 650 | 2 | 4 | _aBUILDING REGULATIONS 2000 |
| 651 | 4 |
_aUnited Kingdom _y |
|
| 690 | _aBUILT ENVIRONMENT-BUILDING STANDARDS | ||
| 942 | _n0 | ||
| 999 |
_c82042 _d82042 |
||